Manual pràctic de Microsoft Word 6.0
Descripción Física:
174 p., 1 disc de pràctiques ; 30 cm
Colección:
Manuals d'Ofimàtica
Materias:
Informàtica -- Manuals, guies, etc.
MARC
| LEADER | 00000nam a2200000Ia 4500 | ||
|---|---|---|---|
| 001 | 11729 | ||
| 008 | 160829s1996 xx 000 0 cat d | ||
| 080 | |a C-1-152 | ||
| 245 | |a Manual pràctic de Microsoft Word 6.0 | ||
| 250 | |a 3a. reimp. | ||
| 260 | |a Barcelona : |b Diputació de Barcelona, Servei de Formació Local, |c 1996 | ||
| 300 | |a 174 p., 1 disc de pràctiques ; |c 30 cm | ||
| 490 | |a Manuals d'Ofimàtica | ||
| 650 | |a Informàtica |x Manuals, guies, etc. |9 47786 | ||
| 710 | |a Barcelona (Catalunya : Província). |b Servei de Formació Local |9 53659 | ||
| 901 | |a Arxiu | ||
| 942 | |n 1 | ||
| 952 | |0 0 |1 0 |4 0 |6 C1152 |7 1 |9 41949 |a Arxiu |b Arxiu |d 2016-12-01 |l 0 |o C-1-152 |p 11729 |r 2016-12-01 00:00:00 |w 2016-12-01 |y ARXIU | ||
| 999 | |c 44396 |d 44396 | ||